000 02010cam a22004814i 4500
003 PE-LiUPU
005 20250731172934.0
008 150623s1998 miu rb 000 0 eng d
020 _a0802838448
035 _a(Sirsi) i9780802838445
040 _aPE-LiUPU
_bspa
_cPE-LiUPU
_erda
049 _aPRUA
100 1 _aDunn, James D. G.,
_d1939-,
_eautor.
245 1 4 _aThe theology of Paul the apostle /
_cJames D. G. Dunn.
264 1 _aMichigan :
_bWilliam B. Eerdmans Publishing Company,
_c1998.
300 _a808 páginas ;
_c24 centímetros
336 _atext
_2rdacontent
337 _aunmediated
_2rdamedia
338 _avolume
_2rdacarrier
504 _aIncluye bibliografía.
505 0 _aPrologue. -God and humankind. -Humankind and indirectment. -The gospel of Jesus Christ. -The beginning of salvation. -The process of Salvation. -The church. -How sould believers live?. -Epilogue.
526 _aSEG42
526 _aSEG41
526 _aSEG40
526 _aSEG39
526 _aP94
526 _aP87
526 _aP86
526 _aP85
526 _aP77
526 _aP76
526 _aP35
630 _aBiblia.
_pN.T.
_pEpístolas paulinas
_xTEOLOGIA.
942 _2ddc
_cBOOK
949 _a227.092 D97
_wDEWEY
_c1
_i54210
_lCCODEBUL1
_mBUL
_r0
_sY
_tBOOK
_u2015-6-24
_xTEOLOGIA
_zUNKNOWN
_0COMPRA
_o.STAFF. Colección General
949 _a227.092 D97
_wDEWEY
_c2
_i44357
_d2016-11-4
_e2016-11-2
_lCCODEBUL1
_mBUL
_n4
_r0
_sY
_tBOOK
_u2015-6-24
_xTEOLOGIA
_PP35
_0COMPRA
_o.STAFF. Colección General
994 _aC0
_bPEPRU
596 _a1
999 _a227.092 D97
_wDEWEY
_c21236
_i54210
_d21236
_f2021-11-9
_g5
_lCCODEBUL1
_mBUL
_q2
_r0
_sY
_tBOOK
_u2015-6-24
_xTEOLOGIA
_zUNKNOWN
_0COMPRA
_o.STAFF. Colección General
999 _a227.092 D97
_wDEWEY
_c2
_i44357
_d2018-11-13
_e2017-8-24
_f2021-11-9
_g5
_lCCODEBUL1
_mBUL
_n5
_p12.00
_q6
_r0
_sY
_tBOOK
_u2015-6-24
_xTEOLOGIA
_PP35
_0COMPRA
_o.STAFF. Colección Teología
980 _81
_gALBERTO SANCHEZ Responsable de Automatización